000 00264 a2200121 4500
245 _aThe oxford dictionary of art
_hText
020 _a0198661339
100 _aIan Chilvers
100 _aHarold Osborne
100 _aDennis Farr
650 _aART
005 20191021095913.0
084 _aNONE
999 _c12824
_d12824